000 00717nam a2200205Ia 4500
003 OSt
005 20240415092308.0
008 210210b2007 xxu||||| |||| 00| 0 eng d
040 _cAL
041 _akannada
082 _a915.487K KANA
100 _aKANNADA VISHVAVIDYALAYA
_dಕನ್ನಡ ವಿಶ್ವವಿದ್ಯಾಲಯ
_9160075
245 _aAbhivraddhi patha: suvarna karnataka: 1956-2006 Vol 1
_bಅಭಿವೃದ್ಧಿ ಪಥ : ಸುವರ್ಣ ಕರ್ನಾಟಕ ೧೯೫೬-೨೦೦೬ ಭಾಗ ೧
260 _aHampi
_bKannada Vishvavidyalaya Hampi
_c2007
300 _axxvii,1097
440 _a1
_9160076
690 _aGazetteers
_9160084
906 _a062596
942 _2ddc
_cBK
999 _c117745
_d117745